书目信息 |
| 题名: |
海洋的变化
|
|
| 作者: | 艾莉 著 ;王玉树 译 | |
| 分册: | ||
| 出版信息: | 北京 中国环璋科学出版社 2006 |
|
| 页数: | 12,295页 | |
| 开本: | 21cm | |
| 丛书名: | 绿岛译丛 | |
| 单 册: | ||
| 中图分类: | X55-49 | |
| 科图分类: | ||
| 主题词: | 海洋环境--环境保护--普及读物 , 环境保护 , 海洋环境 | |
| 电子资源: | ||
| ISBN: | 7-80209-278-7 | |
| 000 | 01136oam2 2200313 450 | |
| 001 | 003153681 | |
| 005 | 20070805094654.67 | |
| 010 | @a7-80209-278-7@dCNY28.00 | |
| 100 | @a20060124d2006 em y0chiy0110 ea | |
| 101 | 1 | @achi@ceng |
| 102 | @aCN@b110000 | |
| 105 | @ay z 000yy | |
| 200 | 1 | @a海洋的变化@9hai yang de bian hua@e来自大海的呼唤@f(美)西尔维亚·A· 艾莉(Sylvia Alice Earle)著@g王玉树[等]译 |
| 210 | @a北京@c中国环璋科学出版社@d2006 | |
| 215 | @a12,295页@d21cm | |
| 225 | 2 | @a绿岛译丛 |
| 312 | @a封面英文题名:Sea change a message of the oceans | |
| 330 | @a本书生动地讲述了作者30年来深海探险的奇特经历,在展示出海洋生物充满活力世界的同时,也大声疾呼保护生态系统日益恶化的脆弱的海洋。 | |
| 461 | 0 | @12001 @a绿岛译丛 |
| 510 | 1 | @aSea change a message of the oceans@zeng |
| 517 | 1 | @a来自大海的呼唤@9lai zi da hai de hu huan |
| 606 | 0 | @a海洋环境@x环境保护@j普及读物 |
| 606 | 0 | @a环境保护 |
| 606 | 0 | @a海洋环境 |
| 690 | @aX55-49@v4 | |
| 701 | 0 | @c(美)@a艾莉@9ai li@c(女,Earle, Sylvia Alice)@4著 |
| 702 | 0 | @a王玉树@9wang yu shu@c(翻译)@4译 |
| 801 | 0 | @aCN@bNLC@c20070805 |
| 905 | @a10447@dX55-49@e69 | |
| 海洋的变化:来自大海的呼唤/(美)西尔维亚·A· 艾莉(Sylvia Alice Earle)著/王玉树[等]译.-北京:中国环璋科学出版社,2006 |
| 12,295页;21cm.-(绿岛译丛) |
| ISBN 7-80209-278-7:CNY28.00 |
| 本书生动地讲述了作者30年来深海探险的奇特经历,在展示出海洋生物充满活力世界的同时,也大声疾呼保护生态系统日益恶化的脆弱的海洋。 |
| ● |
| 相关链接 |
|
|
|
|
正题名:海洋的变化
索取号:X55-49/69
 
预约/预借
| 序号 | 登录号 | 条形码 | 馆藏地/架位号 | 状态 | 备注 |
| 1 | 0807865 | 208078658 | 第二样本阅览室/ [索取号:X55-49/69] | 在馆 | |
| 2 | 0807866 | 208078667 | 第三借阅区/ [索取号:X55-49/69] | 在馆 |